Water insecurity instructions and livelihood dynamics: (Record no. 164145)

000 -LEADER
fixed length control field 00407nam a22001457a 4500
082 ## - DEWEY DECIMAL CLASSIFICATION NUMBER
Classification number
Item number
100 ## - MAIN ENTRY--PERSONAL NAME
Personal name Nair K N
100 ## - MAIN ENTRY--PERSONAL NAME
Personal name Antonyto Paul
100 ## - MAIN ENTRY--PERSONAL NAME
Personal name Vineetha Menon
245 ## - TITLE STATEMENT
Title Water insecurity instructions and livelihood dynamics:
Remainder of title a study in Plachimada Kerala/
Statement of responsibility, etc. Nair K N , Antonyto Paul and Vineetha Menon.
260 ## - PUBLICATION, DISTRIBUTION, ETC.
Place of publication, distribution, etc.
Name of publisher, distributor, etc. Daamsh,
Date of publication, distribution, etc. 2008.
300 ## - PHYSICAL DESCRIPTION
Extent 128p.
650 ## - SUBJECT ADDED ENTRY--TOPICAL TERM
Topical term or geographic name entry element
942 ## - ADDED ENTRY ELEMENTS (KOHA)
Koha item type Book
Holdings
Withdrawn status Lost status Damaged status Not for loan Permanent Location Current Location Shelving location Date acquired Cost, normal purchase price Total Checkouts Barcode Date last seen Price effective from Koha item type
        RC Thiruvananthapuram RC Thiruvananthapuram   25.10.2018 300.00   TV002329 25.10.2018 25.10.2018 Book